Mestské/prímestské lanové dráhy v územnoplánovacích podkladoch slovenských miest /

Uložené v:
Podrobná bibliografia
Hlavný autor: Palinský, Ján (Author)
Ďalší autori: Šalatová, Silvia (Translator)
Médium: Kniha
Jazyk:Slovak
Czech
Vydané: Košice : autor vlastným nákladom, 2020.
Témy:
ISBN: 9788057021933
Fyzický popis: 28 strán : fotografie, mapy, plány ; 21 x 30 cm.
Tagy: Pridať tag
Žiadne tagy, Buďte prvý kto otaguje tento záznam!

MARC

LEADER 00000nam a2200000 i 4500
001 000646996
005 20201126121937.0
008 201014s2020 xo beo g 000 0 slo d
020 |a 9788057021933  |q (brožované) 
040 |a SVKKK  |b slo  |c SVKKK  |e rda 
041 0 |a slo  |a cze  |b ger 
043 |a e-xo--- 
044 |a xo  |c SK 
072 7 |a 625  |x Pozemné komunikácie. Železničné staviteľstvo  |2 konspekt 
072 7 |a 624  |x Inžinierske staviteľstvo  |2 konspekt 
080 |a 625.5  |2 2011 
080 |a 71  |2 2011 
080 |a 656  |2 2011 
080 |a 711.4  |2 2011 
080 |a 796.926  |2 2011 
080 |a 625  |2 2011 
080 |a (437.6)  |2 2011 
080 |a (036)  |2 2011 
100 1 |a Palinský, Ján  |4 aut 
245 1 0 |a Mestské/prímestské lanové dráhy v územnoplánovacích podkladoch slovenských miest /  |c Ján Palinský. 
264 1 |a Košice :  |b autor vlastným nákladom,  |c 2020. 
300 |a 28 strán :  |b fotografie, mapy, plány ;  |c 21 x 30 cm. 
336 |a text  |b txt  |2 rdacontent 
337 |a bez média  |b n  |2 rdamedia 
338 |a zväzok  |b nc  |2 rdacarrier 
366 |e 100 kusov 
504 |a Bibliografia na strane 27 
546 |a Doslov v češtine ; resumé v nemčine 
650 0 7 |a lanovky  |2 SVKKKPH 
650 0 7 |a územné plánovanie  |2 SVKKKPH 
650 0 7 |a doprava  |2 SVKKKPH 
650 0 7 |a mestá  |2 SVKKKPH 
650 0 7 |a lyžiarske strediská  |2 SVKKKPH 
650 0 7 |a dopravné staviteľstvo  |2 SVKKKPH 
650 0 7 |a cable railways  |2 SVKKKPHeng 
650 0 7 |a spatial planning  |2 SVKKKPHeng 
650 0 7 |a transportation  |2 SVKKKPHeng 
650 0 7 |a cities and towns  |2 SVKKKPHeng 
650 0 7 |a ski resorts  |2 SVKKKPHeng 
650 0 7 |a civil engineering  |2 SVKKKPHeng 
651 7 |a Slovensko  |2 SVKKKPH 
651 7 |a Slovakia  |2 SVKKKPHeng 
655 7 |a informačné publikácie  |2 SVKKKPH 
655 7 |a information publications  |2 SVKKKPHeng 
700 1 |a Šalatová, Silvia  |4 trl 
910 |a svkkk 
919 |a 978-80-570-2193-3 
964 9 |a Ján Palinský (Slovensko) 
998 |a BK 
090 |g SCKHL  |k Sklad Hlavná 10 prízemie  |a V.240469  |j 1106503  |i 2720750471  |s Absenčne